Nuevos cuentos folkloricos de Chile de raíces hispánicas
সংরক্ষণ করুন:
| প্রধান লেখক: | |
|---|---|
| বিন্যাস: | গ্রন্থ |
| ভাষা: | স্প্যানিশ |
| প্রকাশিত: |
Santiago
Universitaria
1992
|
| মালা: | Colección quinto centenario
|
| বিষয়গুলি: | |
| ট্যাগগুলো: |
ট্যাগ যুক্ত করুন
কোনো ট্যাগ নেই, প্রথমজন হিসাবে ট্যাগ করুন!
|
MARC
| LEADER | 00000nam a2200000 a 4500 | ||
|---|---|---|---|
| 001 | UCX4854 | ||
| 003 | CL-VaPUC | ||
| 008 | 920803e19920000CL |||||||||||||||||spa|d | ||
| 082 | 0 | 4 | |a Ch863 |b PIN |2 21 |
| 100 | 0 | |a Pino Saavedra, Yolando |e author |9 321125 | |
| 245 | 1 | 0 | |a Nuevos cuentos folkloricos de Chile de raíces hispánicas |
| 300 | |a 365 p | ||
| 942 | |c BK | ||
| 945 | |d 19920803 00:00:00 | ||
| 260 | |a Santiago |b Universitaria |c 1992 | ||
| 650 | 7 | |a CUENTOS POPULARES CHILENOS |2 CL-VaPUC |9 321126 | |
| 583 | |a last modification |c 19920803 00:00:00 |k Rodrigo Vera | ||
| 490 | 0 | |a Colección quinto centenario | |
| 999 | |c 225229 |d 225227 | ||
| 952 | |0 0 |1 0 |4 0 |6 CH_863_000000000000000_PIN_1992 |7 0 |8 A |9 222586 |a BIBEDU |b BIBEDU |d 2019-11-15 |i 2913909 |o Ch863 PIN 1992 |p 2913909 |r 2019-11-15 |w 2019-11-15 |y BK |k LIT | ||